[Event "Laval op"]
[Site "Laval"]
[Date "2018.06.24"]
[Round "4"]
[White "Richard, Leo"]
[Black "Sakr, Nassim"]
[Result "1/2-1/2"]
[WhiteElo "1656"]
[BlackElo "2175"]
[PlyCount "62"]
[EventDate "2018.06.22"]
[EventType "swiss"]
[EventRounds "5"]
[EventCountry "CAN"]
[SourceTitle "CBM 185 Extra"]
[Source "ChessBase"]
[SourceDate "2018.07.29"]
[SourceVersion "1"]
[SourceVersionDate "2018.07.29"]
[SourceQuality "1"]

1. Nf3 d6 2. d4 Nf6 3. Nc3 Nbd7 4. e4 e5 5. Bc4 h6 6. 0-0 Be7 7. h3 c6 8. Be3 0-0 9. dxe5 dxe5 10. a4 a5 11. Qe2 Qc7 12. Rad1 Nc5 13. Bxc5 Bxc5 14. Nh4 Kh7 15. Qf3 Be6 16. Bxe6 fxe6 17. Qe2 Rad8 18. Rxd8 Rxd8 19. Qc4 Qe7 20. Nf3 Nd7 21. Na2 Qd6 22. Nc1 Nf6 23. Nd3 Bd4 24. Nxd4 Qxd4 25. Qxe6 Qxa4 26. Qf5+ Kg8 27. Qe6+ Kh7 28. Qf5+ Kh8 29. Nxe5 Kg8 30. Qe6+ Kh7 31. Qf5+ Kg8 1/2-1/2

[Event "Laval op"]
[Site "Laval"]
[Date "2018.06.23"]
[Round "3"]
[White "Sakr, Nassim"]
[Black "Rodrigue Lemieux, Shawn"]
[Result "0-1"]
[WhiteElo "2175"]
[BlackElo "2223"]
[PlyCount "102"]
[EventDate "2018.06.22"]
[EventType "swiss"]
[EventRounds "5"]
[EventCountry "CAN"]
[SourceTitle "CBM 185 Extra"]
[Source "ChessBase"]
[SourceDate "2018.07.29"]
[SourceVersion "1"]
[SourceVersionDate "2018.07.29"]
[SourceQuality "1"]

1. e4 c6 2. d4 d5 3. exd5 cxd5 4. Bf4 Nc6 5. c3 Nf6 6. Bd3 Bg4 7. Nf3 e6 8. Nbd2 Bd6 9. Bxd6 Qxd6 10. Qe2 a6 11. 0-0 0-0 12. h3 Bh5 13. Qe3 Nd7 14. Rae1 b5 15. a3 Bg6 16. Bxg6 hxg6 17. Ne5 Ncxe5 18. dxe5 Qb6 19. Qg3 a5 20. Nf3 Rfc8 21. Ng5 Nf8 22. Re3 b4 23. axb4 axb4 24. Rd1 bxc3 25. bxc3 Ra4 26. Nf3 Qb2 27. Nd4 Ra3 28. Rdd3 Nd7 29. Rf3 Qb1+ 30. Kh2 Nc5 31. Qf4 Rc7 32. Qh4 Rd7 33. Rde3 Ra1 34. Nc6 Qh1+ 35. Kg3 g5 36. Qxg5 Rg1 37. Ne7+ Rxe7 38. Qxe7 Qxg2+ 39. Kh4 Qg6 40. Qd8+ Kh7 41. Rg3 Rxg3 42. Rxg3 Qh6+ 43. Kg4 Ne4 44. Kf3 Qh5+ 45. Kg2 Nxg3 46. fxg3 Qe2+ 47. Kg1 Qxe5 48. Qh4+ Kg6 49. Qg4+ Qg5 50. Qf3 Qf5 51. Qg2 Qd3 0-1

[Event "Mediterranean Cup 9th"]
[Site "Chania"]
[Date "2014.09.09"]
[Round "9"]
[White "Lekic, Dusan"]
[Black "Sakr, Nassim"]
[Result "1-0"]
[WhiteElo "2428"]
[BlackElo "2174"]
[PlyCount "71"]
[EventDate "2014.09.03"]
[EventType "swiss"]
[EventRounds "9"]
[EventCountry "GRE"]
[SourceTitle "CBM 162 Extra"]
[Source "ChessBase"]
[SourceDate "2014.10.17"]
[SourceVersion "1"]
[SourceVersionDate "2014.10.17"]
[SourceQuality "1"]

1. d4 Nf6 2. c4 d6 3. Nf3 Nbd7 4. Nc3 e5 5. e4 c6 6. Be2 Be7 7. 0-0 0-0 8. Be3 Re8 9. d5 a5 10. Nd2 Nf8 11. a3 c5 12. b4 b6 13. bxc5 bxc5 14. Rb1 Ng6 15. g3 Bh3 16. Re1 Qc8 17. Na4 Ra6 18. f3 Bd8 19. Qb3 Bd7 20. Rb2 h5 21. Reb1 h4 22. Bd1 Nh5 23. Nf1 hxg3 24. hxg3 Ne7 25. Qc2 Bc7 26. Qh2 Nf6 27. Nb6 Bxb6 28. Rxb6 Rxb6 29. Rxb6 Qc7 30. Rb2 Bc8 31. Ba4 Nd7 32. Rb3 Rf8 33. g4 Ng6 34. Ng3 Nf6 35. Nf5 Nh7 36. Bd2 1-0

[Event "Mediterranean Cup 9th"]
[Site "Chania"]
[Date "2014.09.07"]
[Round "7"]
[White "Georgantas, Antonios1"]
[Black "Sakr, Nassim"]
[Result "0-1"]
[WhiteElo "1777"]
[BlackElo "2174"]
[PlyCount "60"]
[EventDate "2014.09.03"]
[EventType "swiss"]
[EventRounds "9"]
[EventCountry "GRE"]
[SourceTitle "CBM 162 Extra"]
[Source "ChessBase"]
[SourceDate "2014.10.17"]
[SourceVersion "1"]
[SourceVersionDate "2014.10.17"]
[SourceQuality "1"]

1. e4 c5 2. Nf3 d6 3. d4 Nf6 4. Nc3 cxd4 5. Nxd4 a6 6. Bg5 e6 7. Qd2 Be7 8. 0-0-0 Qc7 9. f4 Nbd7 10. Bd3 b5 11. Nf3 Bb7 12. Rde1 b4 13. Nd1 0-0 14. Kb1 a5 15. g4 a4 16. Rhg1 Rfb8 17. Rg3 Ba6 18. f5 b3 19. a3 Nc5 20. Nd4 Qb6 21. Bxa6 Nfxe4 22. Qg2 Bxg5 23. Rxe4 Nxe4 24. Qxe4 d5 25. Qd3 e5 26. Nf3 e4 27. Qf1 bxc2+ 28. Kxc2 Rc8+ 29. Nc3 Rxc3+ 30. bxc3 Qb3# 0-1

[Event "Sharjah op blitz"]
[Site "Sharjah"]
[Date "2014.07.09"]
[Round "4"]
[White "Sakr, Nassim"]
[Black "Sokolov, Ivan"]
[Result "0-1"]
[WhiteElo "2161"]
[BlackElo "2621"]
[PlyCount "56"]
[EventDate "2014.07.09"]
[EventType "swiss (blitz)"]
[EventRounds "9"]
[EventCountry "UAE"]
[SourceTitle "EXT 2016"]
[Source "ChessBase"]
[SourceDate "2015.10.08"]
[SourceVersion "1"]
[SourceVersionDate "2015.10.08"]
[SourceQuality "1"]

1. e4 e5 2. Bc4 Nf6 3. d3 c6 4. Nf3 Be7 5. Bb3 d6 6. 0-0 Nbd7 7. c3 h6 8. Nbd2 b5 9. a4 Bb7 10. Re1 0-0 11. Nf1 a5 12. Ng3 Nc5 13. axb5 cxb5 14. Bc2 Re8 15. d4 Ncd7 16. Nf5 Bf8 17. d5 Nb6 18. Bd3 b4 19. h3 bxc3 20. bxc3 Nbd7 21. Be3 Qc7 22. Qb3 Reb8 23. Qa3 Bc8 24. Reb1 Rxb1+ 25. Rxb1 Nc5 26. Bxc5 dxc5 27. Rb5 Bxf5 28. exf5 c4 0-1

[Event "Sharjah op rapid"]
[Site "Sharjah"]
[Date "2014.07.08"]
[Round "8"]
[White "Sakr, Nassim"]
[Black "Ghassan, Mohammad Thabet"]
[Result "1-0"]
[WhiteElo "2139"]
[BlackElo "1572"]
[PlyCount "61"]
[EventDate "2014.07.05"]
[EventType "swiss (rapid)"]
[EventRounds "9"]
[EventCountry "UAE"]
[SourceTitle "CBM 161 Extra"]
[Source "ChessBase"]
[SourceDate "2014.08.29"]
[SourceVersion "1"]
[SourceVersionDate "2014.08.29"]
[SourceQuality "1"]

1. Nf3 d5 2. d3 Nf6 3. Nbd2 Nc6 4. c3 e5 5. e4 Be7 6. Be2 0-0 7. 0-0 dxe4 8. dxe4 Bg4 9. Qc2 h6 10. Nc4 Bxf3 11. Bxf3 b5 12. Ne3 b4 13. Nd5 Bd6 14. Be3 a5 15. Rad1 Qe8 16. Nxf6+ gxf6 17. Bxh6 Qe6 18. Bxf8 Rxf8 19. Rd5 Kg7 20. Qe2 Rg8 21. Bg4 Qe7 22. Bf5 bxc3 23. bxc3 Qe8 24. Rfd1 Ne7 25. Rxa5 Nxf5 26. exf5 Kf8 27. c4 e4 28. g3 Qc6 29. Rad5 Qa4 30. c5 Be7 31. Rd8+ 1-0

[Event "Sharjah op rapid"]
[Site "Sharjah"]
[Date "2014.07.05"]
[Round "2"]
[White "Sakr, Nassim"]
[Black "Talal, Al Hammadi"]
[Result "1-0"]
[WhiteElo "2139"]
[BlackElo "1633"]
[PlyCount "51"]
[EventDate "2014.07.05"]
[EventType "swiss (rapid)"]
[EventRounds "9"]
[EventCountry "UAE"]
[SourceTitle "CBM 161 Extra"]
[Source "ChessBase"]
[SourceDate "2014.08.29"]
[SourceVersion "1"]
[SourceVersionDate "2014.08.29"]
[SourceQuality "1"]

1. Nf3 d6 2. d4 Nf6 3. Nbd2 Nbd7 4. e4 e5 5. c3 c6 6. Bd3 Qc7 7. 0-0 g6 8. h3 Bg7 9. Re1 0-0 10. a4 a5 11. Nc4 Ne8 12. Bg5 h6 13. Be7 d5 14. Bxf8 dxc4 15. Bxg7 Nxg7 16. Bxc4 exd4 17. cxd4 Nb6 18. Ba2 Nh5 19. Ne5 Be6 20. Bxe6 fxe6 21. Nxg6 Nf6 22. Qb3 Kh7 23. Ne5 Rg8 24. Qxe6 Kg7 25. Ra3 Qc8 26. Rg3+ 1-0

[Event "Francophone op 2nd"]
[Site "Beirut"]
[Date "2014.06.03"]
[Round "5"]
[White "Sakr, Nassim"]
[Black "El Gindy, Essam"]
[Result "0-1"]
[WhiteElo "2150"]
[BlackElo "2484"]
[PlyCount "136"]
[EventDate "2014.05.31"]
[EventType "swiss"]
[EventRounds "9"]
[EventCountry "LBN"]
[SourceTitle "EXT 2015"]
[Source "ChessBase"]
[SourceDate "2014.11.20"]
[SourceVersion "1"]
[SourceVersionDate "2014.11.20"]
[SourceQuality "1"]

1. e4 c5 2. c4 Nc6 3. Nc3 g6 4. g3 Bg7 5. Bg2 e6 6. Nge2 Nge7 7. a3 0-0 8. 0-0 b6 9. Rb1 Bb7 10. d3 d6 11. Bf4 Qd7 12. b4 h6 13. Qa4 Rad8 14. Rfd1 Ba8 15. Nb5 Nc8 16. Qb3 Nd4 17. Nbxd4 cxd4 18. a4 f5 19. c5 fxe4 20. Bh3 Rde8 21. dxe4 dxc5 22. bxc5 bxc5 23. Rbc1 g5 24. Rxc5 gxf4 25. Nxf4 Rxf4 26. gxf4 Bxe4 27. f5 Kh8 28. fxe6 Qd6 29. Rdc1 Ne7 30. Qg3 Qd8 31. Re1 Ba8 32. Qc7 Bf6 33. Qxd8 Rxd8 34. Kf1 Bc6 35. Bg4 d3 36. Bd1 Rg8 37. Re3 Bg2+ 38. Ke1 Bd4 39. Rc7 Nd5 40. Rxd3 Nxc7 41. Rxd4 Nxe6 42. Rd7 Rg7 43. Rd6 Re7 44. f3 Bh3 45. Kf2 Kg7 46. Kg3 Bf5 47. a5 Kf6 48. Bb3 Rg7+ 49. Kf2 Rb7 50. Bc4 Ke5 51. Ra6 Rc7 52. Bxe6 Bxe6 53. Kg3 Re7 54. Kh4 Kd5 55. Kh5 Kc5 56. Kxh6 Kb5 57. Rd6 Kxa5 58. f4 Kb5 59. Kg6 Bb3 60. f5 a5 61. f6 Ra7 62. Rd8 a4 63. Rb8+ Ka5 64. Kg5 Bf7 65. h4 a3 66. Rb1 a2 67. Ra1 Kb4 68. h5 Ra5+ 0-1

[Event "Beirut op 4th"]
[Site "Beirut"]
[Date "2011.05.22"]
[Round "9"]
[White "Sakr, Nassim"]
[Black "Sriram, Jha"]
[Result "1-0"]
[WhiteElo "2161"]
[BlackElo "2446"]
[PlyCount "95"]
[EventDate "2011.05.14"]
[EventType "swiss"]
[EventRounds "9"]
[EventCountry "LBN"]
[SourceTitle "CBM 142 Extra"]
[Source "ChessBase"]
[SourceDate "2011.06.27"]
[SourceVersion "1"]
[SourceVersionDate "2011.06.27"]
[SourceQuality "1"]

1. e4 c5 2. c4 d6 3. Nc3 Nc6 4. g3 g6 5. Bg2 Bg7 6. Nge2 e6 7. a3 Nge7 8. Rb1 a5 9. 0-0 0-0 10. b3 Rb8 11. h3 b6 12. Kh2 Bb7 13. d3 Nd4 14. f4 Nec6 15. Nxd4 cxd4 16. Nb5 f5 17. b4 axb4 18. axb4 Qd7 19. exf5 gxf5 20. Qh5 Ra8 21. Rf2 Rf6 22. Bb2 Rh6 23. Qf3 Nd8 24. Qe2 Bxg2 25. Kxg2 Nc6 26. Qf3 Ra4 27. Re1 Rg6 28. Ree2 h6 29. Kh2 Kh7 30. Bc1 Nxb4 31. g4 e5 32. g5 Qc6 33. Qg3 Ra2 34. h4 Rxe2 35. Rxe2 h5 36. Bd2 Na6 37. Rf2 Nc5 38. fxe5 Bxe5 39. Bf4 Qe8 40. Kh3 Bxf4 41. Rxf4 Re6 42. Nxd4 Re1 43. g6+ Kg8 44. Nxf5 Qe6 45. Kg2 Re2+ 46. Kf1 Re5 47. Nh6+ Kg7 48. Rf7+ 1-0

[Event "Beirut op 3rd"]
[Site "Beirut"]
[Date "2009.10.18"]
[Round "3"]
[White "Sakr, Nassim"]
[Black "Najjar, Ahmad"]
[Result "1-0"]
[WhiteElo "2149"]
[BlackElo "2317"]
[PlyCount "57"]
[EventDate "2009.10.17"]
[EventType "swiss"]
[EventRounds "9"]
[EventCountry "LBN"]
[SourceTitle "EXT 2010"]
[Source "ChessBase"]
[SourceDate "2010.11.25"]
[SourceVersion "1"]
[SourceVersionDate "2010.11.25"]
[SourceQuality "1"]

1. d4 d5 2. c4 e6 3. Nc3 Nf6 4. Nf3 Be7 5. e3 0-0 6. Bd3 dxc4 7. Bxc4 c5 8. Qe2 a6 9. 0-0 b5 10. Bd3 Nbd7 11. b3 cxd4 12. exd4 Nb6 13. Bb2 Bb7 14. Rad1 Nbd5 15. g3 Nxc3 16. Bxc3 Qd5 17. Kg2 g5 18. h3 h5 19. g4 hxg4 20. hxg4 Nxg4 21. Rh1 Nf6 22. Rdg1 g4 23. Kf1 Qxf3 24. d5 Qxe2+ 25. Kxe2 e5 26. Bxe5 Bc8 27. Rh6 Re8 28. Rgh1 Nh7 29. Rxh7 1-0

[Event "Asia Cities-ch 16th"]
[Site "Beirut"]
[Date "2009.04.16"]
[Round "1.3"]
[White "Shrestha, Sujendra Prasad"]
[Black "Sakr, Nassim"]
[Result "0-1"]
[WhiteElo "2064"]
[BlackElo "2128"]
[PlyCount "41"]
[EventDate "2009.04.16"]
[EventType "team-swiss"]
[EventRounds "9"]
[EventCountry "LBN"]
[SourceTitle "EXT 2020"]
[Source "ChessBase"]
[SourceDate "2019.10.17"]
[SourceVersion "1"]
[SourceVersionDate "2019.10.17"]
[SourceQuality "1"]
[WhiteTeam "Kathmandu"]
[BlackTeam "Furn El Chebbak area"]
[WhiteTeamCountry "NEP"]
[BlackTeamCountry "LBN"]

1. d4 Nf6 2. Nc3 d5 3. Nf3 e6 4. Bg5 Be7 5. e3 Nbd7 6. Bd3 0-0 7. 0-0 c5 8. Re1 b6 9. h3 Bb7 10. Bf4 a6 11. a4 Rc8 12. Ne5 Ne4 13. Bxe4 dxe4 14. Nxd7 Qxd7 15. dxc5 Qxd1 16. Rexd1 bxc5 17. Bd6 Rfd8 18. Bxc5 Bxc5 19. Rxd8+ Rxd8 20. Rd1 Rxd1+ 21. Nxd1 0-1

[Event "Olympiad-38"]
[Site "Dresden"]
[Date "2008.11.17"]
[Round "5"]
[White "Macias Murillo, Bryan"]
[Black "Sakr, Nassim"]
[Result "1/2-1/2"]
[WhiteElo "2333"]
[BlackElo "2121"]
[PlyCount "64"]
[EventDate "2008.11.13"]
[EventType "team-swiss"]
[EventRounds "11"]
[EventCountry "GER"]
[SourceTitle "CBM 128"]
[Source "ChessBase"]
[SourceDate "2009.01.28"]
[SourceVersion "1"]
[SourceVersionDate "2009.01.28"]
[SourceQuality "1"]
[WhiteTeam "Ecuador"]
[BlackTeam "Lebanon"]
[WhiteTeamCountry "ECU"]
[BlackTeamCountry "LBN"]

1. e4 c5 2. Nf3 d6 3. c3 Nf6 4. Be2 Nbd7 5. Qc2 Qc7 6. 0-0 b6 7. Re1 Bb7 8. Bf1 e6 9. d4 cxd4 10. Nxd4 a6 11. c4 Be7 12. Nc3 0-0 13. Kh1 Rfc8 14. f4 e5 15. Nf5 Bf8 16. Qf2 Nc5 17. Ng3 Ng4 18. Qe2 exf4 19. Bxf4 Ne5 20. Rad1 g6 21. b3 Bg7 22. Qd2 Rd8 23. Nd5 Bxd5 24. Qxd5 Rac8 25. Bc1 Qe7 26. Qd2 h5 27. Kg1 h4 28. Ne2 Ned3 29. Nf4 Bd4+ 30. Kh1 Nf2+ 31. Kg1 Nh3+ 32. Kh1 Nf2+ 1/2-1/2

[Event "LIB-ch"]
[Site "Beirut"]
[Date "2008.06.10"]
[Round "5"]
[White "Kassis, Antoine"]
[Black "Sakr, Nassim"]
[Result "1-0"]
[WhiteElo "2219"]
[BlackElo "2121"]
[PlyCount "107"]
[EventDate "2008.06.04"]
[EventType "swiss"]
[EventRounds "9"]
[EventCountry "LBN"]
[SourceTitle "CBM 124 Extra"]
[Source "ChessBase"]
[SourceDate "2008.07.03"]
[SourceVersion "1"]
[SourceVersionDate "2008.07.03"]
[SourceQuality "1"]

1. e4 c5 2. Nf3 d6 3. d4 cxd4 4. Nxd4 Nf6 5. Nc3 a6 6. Bg5 e6 7. f4 Nc6 8. e5 h6 9. Bh4 g5 10. fxg5 Nd5 11. Nxd5 exd5 12. e6 hxg5 13. exf7+ Kd7 14. Bf2 Bg7 15. c3 Qe7+ 16. Be2 Qxf7 17. Qd3 Kc7 18. 0-0 Ne5 19. Qg3 Qg6 20. Be3 g4 21. Bd1 Qh5 22. Bc2 Nc4 23. Bf4 Bd7 24. b3 Ne5 25. Bd2 Raf8 26. Rxf8 Rxf8 27. Rf1 Rxf1+ 28. Kxf1 Ng6 29. Qd3 Ne5 30. Qh7 Qf7+ 31. Kg1 g3 32. hxg3 Ng4 33. Nf3 Qe7 34. Qd3 Bb5 35. c4 dxc4 36. bxc4 Bc6 37. Ba5+ b6 38. Bc3 Bxc3 39. Qxc3 Nf6 40. Qe1 Qf7 41. Bd3 Nd7 42. Qe3 Nc5 43. Be2 Qg7 44. Nd4 Bd7 45. Qf4 Qh7 46. g4 Qh4 47. g3 Qh3 48. Nf5 Nb7 49. Bf3 Bc6 50. Bxc6 Kxc6 51. g5 Qh5 52. g4 Nc5 53. Qxd6+ Kb7 54. gxh5 1-0

[Event "LIB-ch"]
[Site "Beirut"]
[Date "2007.08.03"]
[Round "9"]
[White "Sakr, Nassim"]
[Black "Mouradian, Knarik Jacob"]
[Result "1/2-1/2"]
[WhiteElo "2121"]
[BlackElo "2164"]
[PlyCount "105"]
[EventDate "2007.07.25"]
[EventType "swiss"]
[EventRounds "9"]
[EventCountry "LBN"]
[SourceTitle "CBM 119 Extra"]
[Source "ChessBase"]
[SourceDate "2007.09.04"]
[SourceVersion "1"]
[SourceVersionDate "2007.09.04"]
[SourceQuality "1"]

1. d4 Nf6 2. Nf3 e6 3. Bf4 c5 4. c3 cxd4 5. cxd4 b5 6. Nbd2 Bb7 7. e3 a6 8. Bd3 Be7 9. h3 d6 10. 0-0 h6 11. a4 bxa4 12. Qxa4+ Nbd7 13. Nc4 Bxf3 14. gxf3 Qb8 15. Qc6 0-0 16. Bxd6 Bxd6 17. Nxd6 e5 18. Bf5 Ra7 19. Rfc1 exd4 20. exd4 Nb6 21. Be4 Rd7 22. Nc4 Nxc4 23. Rxc4 Qxb2 24. Rb1 Qd2 25. d5 Rfd8 26. h4 Nxe4 27. Rxe4 Qd3 28. Rbe1 Rxd5 29. R1e3 Qd1+ 30. Kg2 R5d6 31. Re8+ Rxe8 32. Qxe8+ Kh7 33. h5 Qd5 34. Re5 Rd8 35. Qe7 Qd7 36. Qb4 Qd6 37. Qe4+ g6 38. Re7 Kg7 39. Ra7 gxh5 40. Qf5 Qg6+ 41. Qxg6+ Kxg6 42. Rxa6+ f6 43. Kg3 Rd2 44. Ra8 h4+ 45. Kxh4 Rxf2 46. Kg3 Rb2 47. Rg8+ Kf7 48. Ra8 Rb4 49. f4 Kg6 50. Ra5 f5 51. Rc5 Rb3+ 52. Kh4 Rb6 53. Ra5 1/2-1/2

[Event "LIB-ch"]
[Site "Beirut"]
[Date "2007.08.01"]
[Round "7"]
[White "Kassis, Antoine"]
[Black "Sakr, Nassim"]
[Result "1/2-1/2"]
[WhiteElo "2219"]
[BlackElo "2121"]
[PlyCount "67"]
[EventDate "2007.07.25"]
[EventType "swiss"]
[EventRounds "9"]
[EventCountry "LBN"]
[SourceTitle "CBM 119 Extra"]
[Source "ChessBase"]
[SourceDate "2007.09.04"]
[SourceVersion "1"]
[SourceVersionDate "2007.09.04"]
[SourceQuality "1"]

1. e4 Nc6 2. Nc3 e5 3. f4 d6 4. Nf3 Nf6 5. Bc4 Be7 6. d3 0-0 7. 0-0 Na5 8. Bb3 Nxb3 9. axb3 Bg4 10. h3 Bxf3 11. Qxf3 c6 12. f5 d5 13. Kh1 dxe4 14. dxe4 Nd7 15. Be3 Bg5 16. Rfd1 Bxe3 17. Qxe3 Qb6 18. Qxb6 Nxb6 19. Na4 Nxa4 20. Rxa4 f6 21. Raa1 Rf7 22. Rd6 Re7 23. g4 Kf7 24. h4 h6 25. Kg2 a5 26. Kf3 Rc7 27. c4 b5 28. c5 a4 29. b4 Ke7 30. Ra3 Rd8 31. Rad3 Rcd7 32. Rxd7+ Rxd7 33. Rxd7+ Kxd7 34. h5 1/2-1/2